La economía en los dos mundos / (Registro nro. 3402)
[ vista simple ]
| 000 -LEADER | |
|---|---|
| fixed length control field | 01123nam a2200277Ia 4500 |
| 003 - CONTROL NUMBER IDENTIFIER | |
| control field | OSt |
| 005 - DATE AND TIME OF LATEST TRANSACTION | |
| control field | 20200625174236.0 |
| 008 - FIXED-LENGTH DATA ELEMENTS--GENERAL INFORMATION | |
| fixed length control field | 191128s1965 ag a fr 000 0 spa d |
| 040 ## - CATALOGING SOURCE | |
| Original cataloging agency | CO-JMCR |
| Transcribing agency | CO-JMCR |
| 041 1# - LANGUAGE CODE | |
| Language code of text/sound track or separate title | spa |
| Language code of original | junio |
| 082 04 - DEWEY DECIMAL CLASSIFICATION NUMBER | |
| Classification number | 335 / |
| Item number | F596e |
| Edition number | 23 |
| 100 1# - MAIN ENTRY--PERSONAL NAME | |
| Personal name | Flek, J., |
| Relator term | autor |
| 9 (RLIN) | 6219 |
| 245 13 - TITLE STATEMENT | |
| Title | La economía en los dos mundos / |
| Statement of responsibility, etc. | J. Flek, L. Kruzik, B. Levcik; traductor Floreal Mazía |
| 260 ## - PUBLICATION, DISTRIBUTION, ETC. | |
| Place of publication, distribution, etc. | Buenos Aires : |
| Name of publisher, distributor, etc. | Cartago, |
| Date of publication, distribution, etc. | 1965 |
| 300 ## - PHYSICAL DESCRIPTION | |
| Extent | 412 páginas : |
| Other physical details | ilustraciones a color ; |
| Dimensions | 20 cm. |
| 505 0# - FORMATTED CONTENTS NOTE | |
| Formatted contents note | La competencia económica entre el socialismo y el capitalismo, su sustancia, significación y etapas -- Problemas y métodos en la comparación de las economías de los países pertenencientes a uno y otro sistema. |
| 534 ## - ORIGINAL VERSION NOTE | |
| Introductory phrase | Economicke Soutezeni Mezi Kapitalismen A Socialismen |
| 546 ## - LANGUAGE NOTE | |
| Language note | Traducido del Checoslovaco |
| 650 14 - SUBJECT ADDED ENTRY--TOPICAL TERM | |
| Topical term or geographic name entry element | Socialismo |
| 9 (RLIN) | 6220 |
| 650 14 - SUBJECT ADDED ENTRY--TOPICAL TERM | |
| Topical term or geographic name entry element | Capitalismo |
| 9 (RLIN) | 6221 |
| 650 14 - SUBJECT ADDED ENTRY--TOPICAL TERM | |
| Topical term or geographic name entry element | Sistemas económicos |
| 9 (RLIN) | 6222 |
| 700 1# - ADDED ENTRY--PERSONAL NAME | |
| Personal name | Kruzik, L., |
| Relator term | autor |
| 9 (RLIN) | 6223 |
| 700 1# - ADDED ENTRY--PERSONAL NAME | |
| Personal name | Levcik, B., |
| Relator term | autor |
| 9 (RLIN) | 6224 |
| 700 1# - ADDED ENTRY--PERSONAL NAME | |
| Personal name | Mazía, Floreal, |
| Relator term | traductor |
| 9 (RLIN) | 6225 |
| 942 ## - ADDED ENTRY ELEMENTS (KOHA) | |
| Source of classification or shelving scheme | Dewey Decimal Classification |
| Koha item type | Books |
| Withdrawn status | Lost status | Source of classification or shelving scheme | Damaged status | Not for loan | Collection code | Home library | Current library | Date acquired | Source of acquisition | Cost, normal purchase price | Total Checkouts | Full call number | Barcode | Date last seen | Copy number | Koha item type |
|---|---|---|---|---|---|---|---|---|---|---|---|---|---|---|---|---|
| Dewey Decimal Classification | Non-fiction | Biblioteca Pública José María del Castillo y Rada | Biblioteca Pública José María del Castillo y Rada | 04/12/2018 | Donación | 0.00 | 335 / F596e | 201807553 | 05/16/2024 | Ej.1 | Books |